000 00458nam a2200169 i 4500
001 91502
003 ES-MaACL
005 20251005063059.0
007 t|
008 050131s1944 mx ||||1| spa d
100 1 _aLewis, Sinclair,
_d1885-1951
_972071
245 1 0 _aCalle mayor /
_cLewis Sinclair.
260 _aMéxico :
_bNueva España,
_c1944.
300 _a701 p. ;
_c17 cm.
852 _aES-MaACL
_jE-9806
_bR.94008
999 _c91502
_d91502